Europe by Images - 'H' - Statistics

General Stats
  • This quiz has been taken 57 times
  • The average score is 7 of 16
Answer Stats
Picture Hint Answer % Correct
Country Hungary
89%
Capital Helsinki
87%
Landmark Hadrian's Wall
83%
King Henry VIII
80%
Airport Heathrow
76%
Empire Holy Roman
59%
City Hamburg
57%
Food Haggis
52%
Footballer Harry Kane
52%
Actor Henry Cavill
30%
River Havel
11%
Castle Hohenzollern
9%
Lake Hallstatt
6%
Writer H. G. Wells
4%
Physicist Heinrich Hertz
2%
City Hrodna
2%
No matching quizzes found
Score Distribution
Percent of People with Each Score
Percentile by Number Answered
Your Score History
You have not taken this quiz